| 000 | 01186cam a2200253 i 4500 | ||
|---|---|---|---|
| 003 | SA-RiAUC | ||
| 005 | 20250118150853.0 | ||
| 008 | 250115s1986 le g 00000 ara c | ||
| 040 |
_aSA-RiAUC _bara _cSA-RiAUC _erda |
||
| 082 | 0 | 4 | _a258.2 |
| 090 |
_a258.2 _b ا م ي |
||
| 100 | 1 |
_aالأمير الصغير، محمد بن محمد بن محمد، _dتوفي بعد 1253 هجري _eمؤلف. |
|
| 245 | 1 | 0 |
_aمسائل لا يعذر فيها بالجهل على مذهب الإمام مالك / _cمحمد بن محمد بن أحمد السنياوي ؛ تقديم وتحقيق إبراهيم المختار أحمد عمر الجبرتي الزيلعي. |
| 250 | _aالطبعة الثانية. | ||
| 264 | 1 |
_aبيروت : _bدار الغرب الإسلامي، _c1986 |
|
| 300 |
_a92 صفحة ؛ _c24 سم |
||
| 336 |
_aنص _btxt _2rdacontent _3كتاب |
||
| 337 |
_aبدون وسيط _bn _2rdamedia |
||
| 338 |
_aمجلد _bnc _2rdacarrier |
||
| 650 | 7 |
_aالفقه المالكي _2aucsh |
|
| 700 | 1 |
_aالزيلعي، إبراهيم المختار أحمد عمر الجبرتي، _d1940- _eمقدم. |
|
| 942 |
_2ddc _cBOOK _n0 |
||
| 949 |
_aSA-JeALM _d250115 _umohamedma123 _n1 |
||
| 999 |
_c4954 _d4954 |
||